000 00840cab a2200289 4500
001 ABS47368
008 090401t1992 xxu||||| |||| 00| 0 eng d
035 _a(Sirsi) u61759
041 _aeng
100 _aBrooks, J.
245 _aBeware - mistakes can be costly
260 _c1992
350 _a0
490 _aCS Monthly : QS Bulletin
_v2(2) October 1992, 25-26(2)
520 _aExamines the impact of VAT on building supplies since the changes in VAT laws increased the penalties for contractors who make mistakes in billing.
650 _aDEMOLITION
650 _aFEES
650 _aLIQUIDATED DAMAGES
650 _aPROFESSIONAL SERVICES
650 _aSTANDARD RATE
650 _aVALUE ADDED TAX
650 _aVALUE ADDED TAX
650 _aZERO-RATED
690 _aTAXATION
942 _n0
948 _c04/03/1997
999 _c38302
_d38302